|
|
|
|
| LEADER |
00000nam0a2200000 4500 |
| 001 |
156883 |
| 005 |
20231031153431.0 |
| 010 |
|
|
|a 5280018678
|
| 020 |
|
|
|a RU
|b 90-55195
|
| 035 |
|
|
|a (RuTPU)RU\TPU\book\170135
|
| 090 |
|
|
|a 156883
|
| 100 |
|
|
|a 20090331d1990 m y0rusy5003 ca
|
| 101 |
1 |
|
|a rus
|c cze
|
| 102 |
|
|
|a RU
|
| 105 |
|
|
|a y z 000ay
|
| 200 |
1 |
|
|a Трудно сосредоточиться
|e пер. с чеш.
|f В. Гавел
|
| 210 |
|
|
|a Москва
|c Художественная литература
|d 1990
|
| 215 |
|
|
|a 415 с.
|d 20 см
|
| 333 |
|
|
|a Исключено из фонда НТБ ТПУ
|
| 700 |
|
1 |
|a Гавел
|b В.
|g Вацлав
|4 070
|
| 801 |
|
0 |
|a RU
|b RuMRKP
|c 19950417
|g psbo
|
| 801 |
|
1 |
|a RU
|b 63413507
|c 20090331
|g PSBO
|
| 801 |
|
2 |
|a RU
|b 63413507
|c 20170905
|g PSBO
|
| 942 |
|
|
|c BK
|